000 00205nam a22000977a 4500
008 170119b xxu||||| |||| 00| 0 eng d
041 _aeng
080 _a618.2
245 _aDRUGS
_cKLUWER, W
942 _2udc
_cBK
999 _c3163
_d3163